WWII Countries - Sudden Death - Statistics

General Stats
  • This quiz has been taken 113 times
    14 since last reset
  • The average score is 9 of 15
Answers on the Grid
Answers color-coded by a green-red scale on the quiz's grid according to % correct below.
Germany
USA
Soviet Union
UK
South Africa
Iraq
France
Oman
Canada
Bulgaria
Netherlands
China
Finland
Czechoslovakia
Thailand
Spain
Portugal
Switzerland
Yemen
Afghanistan
San Marino
Vatican City
Sweden
Ireland
Andorra
Mozambique
Angola
Iran
Liberia
Saudi Arabia
 
Answer Stats
Answer % Correct
Finland
88%
UK
88%
Bulgaria
75%
China
75%
Soviet Union
75%
USA
75%
Czechoslovakia
63%
France
63%
Germany
63%
Netherlands
63%
Canada
50%
Iraq
50%
South Africa
38%
Thailand
25%
Oman
13%
No matching quizzes found
Score Distribution
Percent of People with Each Score
Percentile by Number Answered
Your Score History
You have not taken this quiz since the last reset